| 000 | 02771nam a2200349 4500 | ||
|---|---|---|---|
| 003 | CO-CtgCURN | ||
| 005 | 20251212125046.0 | ||
| 008 | 160531s2025 000 0 eng d | ||
| 040 |
_aCO-CtgCURN _bspa _ccoctgcurn |
||
| 082 | 0 |
_aINS 2025 _bB562 |
|
| 100 | 1 | _aBetancourt Espriella, Santiago. | |
| 245 | 1 | 0 |
_aIntellectra : _bPlataforma de servicios de IA Multimodal como estrategia para implementar ajustes razonables a estudiantes con diversidad cognitiva en la Facultad de Ingeniería / _cSantiago Betancourt Espriella; Edwin Enrique Bayuelo Bello; Daniel Jose Meriño Torres; Director: Jairo Acosta Solano; Co-directores: Yenny Julio Narváez, Marena Vitola Quintero, Yair Cardona Acuña. |
| 260 |
_aCartagena de Indias : _bCorporación Universitaria Rafael Nuñez, _c2025. |
||
| 300 | _a94 hojas. | ||
| 336 | _2rdacontent | ||
| 337 |
_2rdamedia _asin mediacion _bn |
||
| 338 |
_2rdacarrier _avolumen _bnc |
||
| 502 | _aTrabajo de grado (Ingeniero de Sistemas). Corporación Universitaria Rafael Nuñez. Programa de Ingenieria de Sistemas, 2025. | ||
| 504 | _aIncluye bibliografia. | ||
| 520 | 8 | _a"Este proyecto se centra en el desarrollo de una Plataforma Multimodal de Servicios de IA, cuyo principal objetivo es mejorar y diferenciar la interacción de los usuarios con la plataforma mediante la integración de múltiples tecnologías de inteligencia artificial. La IA utilizará modalidades como texto, imágenes y voz en esta plataforma para brindar servicios avanzados que se adapten de manera eficiente y centralizada a las necesidades de las personas/usuarios. No solo procesará información textual, sino que también analizará datos visuales, auditivos y contextuales, lo que permitirá una interacción más completa. Esto se logra mediante la integración sinérgica de varias tecnologías de IA, como el procesamiento de lenguaje natural (PLN), la visión por computadora, el reconocimiento de voz y los modelos generativos avanzados. Estas tecnologóas combinadas brindarán a los usuarios una experiencia fluida y gratificante." | |
| 590 | _aIngenieria de Sistemas | ||
| 650 | 0 |
_aIngenieria de Sistemas _vTesis y disertaciones academicas. |
|
| 700 | 1 | _aBayuelo Bello, Edwin Enrique. | |
| 700 | 1 | _aMeriño Torres, Daniel José. | |
| 700 | 1 |
_aAcosta Solano, Jairo, _edirector. |
|
| 700 | 1 |
_aJulio Narváez, Yenny, _ecodirectora. |
|
| 700 | 1 |
_aVitola Quintero, Marena, _ecodirectora. |
|
| 700 | 1 |
_aCardona Acuña, Yair, _ecodirector. |
|
| 856 | 7 |
_uhttps://unicurn.sharepoint.com/:b:/s/biblioteca/IQAH-iZUqtZWQZLxdRLux1hdAR7Y8IwxP-HXILM0XZKBYHs?e=89Jc5j _zClick aqui para ver el recurso en texto completo |
|
| 942 |
_hINS 2025 _iB562 _2ddc _cTG |
||
| 999 |
_c50260 _d50260 |
||